00319nam a2200121 a 4500008004100000050001500041100002000056245001900076246004000095260003200135300002100167350000900188120416s1960 ||||||||||||||||| || u aTR 693 Hal aHallert, Bertil10aPhotogrammetry abasic principles and general survey aNew YorkbMcGraw-Hillc1960 aix, 340p. : ill. a0.00